| 000 | 00837nam a2200217Ii 4500 | ||
|---|---|---|---|
| 003 | JO-AjNU | ||
| 008 | 230605s9999||||xx |||||||||||||| ||und|| | ||
| 017 | _a2006/8/2232 | ||
| 040 |
_aJO-AjNU _bara _erda _cJO-AjNU |
||
| 041 | _aara | ||
| 050 | 1 | 4 | _aKRM4384.2006 |
| 100 | 3 |
_aمدغمش ، جمال عبد الغني , _eauthor _911164 |
|
| 245 | 0 | 0 | _aأحكام المشاجرة |
| 264 | 3 | 1 | _aعمان : جمال عبد الغني مدغمش ، 2006 |
| 300 | _a80ص | ||
| 336 |
_atext _btxt _2rdacontent |
||
| 337 |
_aunmediated _bn _2rdamedia |
||
| 338 |
_avolume _bnc _2rdacarrier |
||
| 490 | 0 | _aسلسلة الكتب القانونية | |
| 650 | 4 |
_aجرائم الضرب -- قوانين وتشريعات -- الأردن -- جرائم الاعتداء على الأشخاص -- قوانين وتشريعات -- الأردن _911165 |
|
| 999 |
_aA2181 _c5749 _d5749 |
||